000
00206 a2200109 4500
020
_a
9780066214139
041
_a
eng
100
_a
CRICHTON, MICHAEL
245
_a
STATE OF FEAR
942
_c
BK
952
_7
1
999
_c
18266
_d
18266